Soil conservation for small farmers in the tropics (Record no. 40886)

MARC details
000 -LEADER
fixed length control field 00327nam a2200121Ia 4500
082 ## - DEWEY DECIMAL CLASSIFICATION NUMBER
Classification number 631.459:631.61
Item number SHE
100 ## - MAIN ENTRY--AUTHOR NAME
Personal name Sheng, T C
245 #0 - TITLE STATEMENT
Title Soil conservation for small farmers in the tropics
260 ## - PUBLICATION, DISTRIBUTION, ETC. (IMPRINT)
Place of publication Rome
Name of publisher FAO
Year of publication 1989
490 ## - SERIES STATEMENT
Series statement FAO soils bulletin 60
942 ## - ADDED ENTRY ELEMENTS (KOHA)
Koha item type Books
Holdings
Withdrawn status Lost status Damaged status Not for loan Home library Current library Date acquired Cost, normal purchase price Full call number Accession Number Koha item type
        RRII Library RRII Library 16/12/2021 12.00 631.459:631.61 SHE 21180 Books